000 00325nam a2200121Ia 4500
008 220204s9999 xx 000 0 und d
082 _a621.3
_bBEN;1
100 _aJames H
245 0 _aProgrammed review for electrical engineering
260 _aNew York
_bVan Nostrand
_c1978
650 _aElectrical engineering
942 _cBK
999 _c29763
_d29763